Paramore Songs - Sudden Death - Statistics

General Stats
  • This quiz has been taken 660 times
  • The average score is 12 of 20
Answers on the Grid
Answers color-coded by a green-red scale on the quiz's grid according to % correct below.
Still Into You
You First
Ain't It Fun
Airplanes
For a Pessimist, I'm Pretty Optimistic
good 4 u
Emergency
Brick by Boring Brick
Decode
I Write Sins Not Tragedies
Future
All I Wanted
22
Viva La Vida
Born for This
It Will Rain
Fences
Bring Me to Life
Misery Business
Told You So
Ignorance
Complicated
Running Out of Time
All Circles
Idle Worship
When It Rains
My Heart
Helena
crushcrushcrush
In the Mourning
 
Answer Stats
Answer % Correct
Still Into You
97%
Ain't It Fun
89%
Decode
76%
All I Wanted
75%
For a Pessimist, I'm Pretty Optimistic
70%
Misery Business
68%
Brick by Boring Brick
67%
crushcrushcrush
62%
Emergency
61%
Ignorance
58%
Fences
50%
Born for This
47%
You First
47%
Told You So
45%
Idle Worship
43%
Running Out of Time
43%
When It Rains
42%
Future
39%
My Heart
39%
In the Mourning
34%
No matching quizzes found
Score Distribution
Percent of People with Each Score
Percentile by Number Answered
Your Score History
You have not taken this quiz